000 00216 a2200097 4500
001 17541
100 _aBuban, P
245 _aTechnical electricity & electronics
260 _a
_bMcGraw-Hill
_c
090 _c12933
_d12933
942 _aNUST-CAE
_cM
_c3262
999 _c252614
_d252614